Wait - The Beatles full Lyrics - Statistics

General Stats
  • This quiz has been taken 8 times
  • The average score is 167 of 221
Answer Stats
Answer % Correct
a
100%
for
100%
I
100%
the
100%
Wait
100%
wait,
100%
wait
100%
you
100%
you,
100%
as
86%
back
86%
be,
86%
been
86%
can
86%
come
86%
cried.
86%
forget
86%
I've
86%
me
86%
me.
86%
tears
86%
that
86%
to
86%
we
86%
your
86%
And
71%
and
71%
away
71%
away.
71%
do,
71%
don't
71%
good,
71%
good
71%
It's
71%
know
71%
long
71%
now
71%
now,
71%
side,
71%
'til
71%
time,
71%
We'll
71%
we'll
71%
alone.
57%
But
57%
coming
57%
heart
57%
home.
57%
how
57%
if
57%
I'll
57%
I'm
57%
on,
57%
ought
57%
strong,
57%
will
57%
won't
57%
breaks,
43%
delay.
43%
heart's
43%
hold
43%
in
43%
though
43%
trust
43%
turn
43%
feel
29%
oh,
29%
No matching quizzes found
Score Distribution
Percent of People with Each Score
Percentile by Number Answered
Your Score History
You have not taken this quiz